[Event "Caxambu op"]
[Site "Caxambu"]
[Date "2023.07.21"]
[Round "2"]
[White "Hopka, Matheus Marchesi"]
[Black "Labussiere, Yago"]
[Result "0-1"]
[WhiteElo "1939"]
[BlackElo "2224"]
[PlyCount "82"]
[EventDate "2023.07.20"]
[EventType "swiss"]
[EventRounds "7"]
[EventCountry "BRA"]
[SourceTitle "CBM 215 Extra"]
[Source "ChessBase"]
[SourceDate "2023.09.30"]
[SourceVersion "1"]
[SourceVersionDate "2023.09.30"]
[SourceQuality "1"]

1. e4 c5 2. Nf3 Nc6 3. d4 cxd4 4. Nxd4 g6 5. c4 Nf6 6. Nc3 Bg7 7. Be3 0-0 8. Be2 d6 9. 0-0 Bd7 10. Qd2 Nxd4 11. Bxd4 Bc6 12. f3 a5 13. b3 Nd7 14. Be3 Nc5 15. Rab1 e6 16. a3 Qe7 17. b4 axb4 18. axb4 Ra3 19. bxc5 Bxc3 20. Qxd6 Qf6 21. Rfd1 Ra2 22. Qd3 Be5 23. g3 Rfa8 24. f4 Bc7 25. Bf3 e5 26. Rf1 exf4 27. gxf4 Bxf4 28. Bxf4 Qxf4 29. Qd6 Qe3+ 30. Kh1 Bxe4 31. Qg3 Bxb1 32. Rxb1 Ra1 33. Rxa1 Rxa1+ 34. Kg2 Rg1+ 35. Kh3 Rxg3+ 36. Kxg3 Qxc5 37. Bxb7 Qc7+ 38. Kh3 Qxb7 39. c5 Qf3+ 40. Kh4 h6 41. c6 g5# 0-1

[Event "Florianopolis op 5th"]
[Site "Florianopolis"]
[Date "2019.01.25"]
[Round "7"]
[White "Hopka, Matheus Marchesi"]
[Black "Do Valle Cardoso, Lucas"]
[Result "0-1"]
[WhiteElo "1933"]
[BlackElo "2143"]
[PlyCount "74"]
[EventDate "2019.01.21"]
[EventType "swiss"]
[EventRounds "10"]
[EventCountry "BRA"]
[SourceTitle "CBM 188 Extra"]
[Source "ChessBase"]
[SourceDate "2019.02.26"]
[SourceVersion "1"]
[SourceVersionDate "2019.02.26"]
[SourceQuality "1"]

1. d4 Nf6 2. Bg5 Ne4 3. Bf4 c5 4. f3 Qa5+ 5. c3 Nf6 6. d5 Qb6 7. b3 e6 8. c4 exd5 9. cxd5 c4 10. Qc2 Qd4 11. Bd2 Nxd5 12. Nc3 Bb4 13. Rc1 cxb3 14. Qxb3 Bxc3 15. Bxc3 Nxc3 16. Rxc3 0-0 17. e3 Qh4+ 18. g3 Qe7 19. Kf2 Nc6 20. Bd3 d6 21. Be4 Ne5 22. Qc2 g6 23. Rc7 Qf6 24. Kg2 Be6 25. Qb2 Rac8 26. Rxb7 Rc4 27. Rxa7 Rfc8 28. Ra8 Rxa8 29. Bxa8 Ra4 30. Qb8+ Kg7 31. Ne2 Rxa2 32. Re1 Nd3 33. Rd1 Rxe2+ 34. Kf1 Rxe3 35. Qb7 Bh3+ 36. Kg1 Qd4 37. Qd5 Re1# 0-1

[Event "Florianopolis op 5th"]
[Site "Florianopolis"]
[Date "2019.01.24"]
[Round "6"]
[White "Cruz, William Ferreira Da"]
[Black "Hopka, Matheus Marchesi"]
[Result "1-0"]
[WhiteElo "2232"]
[BlackElo "1933"]
[PlyCount "45"]
[EventDate "2019.01.21"]
[EventType "swiss"]
[EventRounds "10"]
[EventCountry "BRA"]
[SourceTitle "CBM 188 Extra"]
[Source "ChessBase"]
[SourceDate "2019.02.26"]
[SourceVersion "1"]
[SourceVersionDate "2019.02.26"]
[SourceQuality "1"]

1. d4 Nf6 2. c4 g6 3. Nc3 Bg7 4. e4 d6 5. Nf3 0-0 6. h3 e5 7. d5 Na6 8. Bg5 h6 9. Be3 Nc5 10. Nd2 a5 11. g4 Ne8 12. Rg1 Kh7 13. Qc2 b6 14. 0-0-0 Bd7 15. Be2 a4 16. h4 a3 17. b3 Na6 18. Nf1 Nb4 19. Qd2 f5 20. gxf5 gxf5 21. exf5 Bxf5 22. Ng3 Bg6 23. Nce4 1-0

[Event "Florianopolis op 5th"]
[Site "Florianopolis"]
[Date "2019.01.21"]
[Round "1"]
[White "Hopka, Matheus Marchesi"]
[Black "Mariot Vaz, Joao Antonio Bertol"]
[Result "1-0"]
[WhiteElo "1933"]
[BlackElo "1326"]
[PlyCount "36"]
[EventDate "2019.01.21"]
[EventType "swiss"]
[EventRounds "10"]
[EventCountry "BRA"]
[SourceTitle "CBM 188 Extra"]
[Source "ChessBase"]
[SourceDate "2019.02.26"]
[SourceVersion "1"]
[SourceVersionDate "2019.02.26"]
[SourceQuality "1"]

1. e4 c5 2. Nc3 d6 3. d4 cxd4 4. Qxd4 Nc6 5. Bb5 Nf6 6. Bg5 a6 7. Bxc6+ bxc6 8. Rd1 Qc7 9. Nf3 e5 10. Qc4 Be7 11. Bxf6 gxf6 12. Nd5 Qb7 13. Nxe7 Kxe7 14. 0-0 Bg4 15. Rd3 Rhg8 16. Kh1 Rad8 17. Rb3 Qc8 18. Qb4 c5 1-0

[Event "Brasilia Terraviva op"]
[Site "Brasilia"]
[Date "2019.01.11"]
[Round "2"]
[White "Hopka, Matheus Marchesi"]
[Black "Rocha, Vitor Firmo de Souz"]
[Result "1/2-1/2"]
[WhiteElo "1933"]
[BlackElo "2178"]
[PlyCount "54"]
[EventDate "2019.01.10"]
[EventType "swiss"]
[EventRounds "7"]
[EventCountry "BRA"]
[SourceTitle "CBM 188 Extra"]
[Source "ChessBase"]
[SourceDate "2019.02.26"]
[SourceVersion "1"]
[SourceVersionDate "2019.02.26"]
[SourceQuality "1"]

1. d4 d5 2. Bg5 c5 3. e3 Nc6 4. dxc5 f6 5. Bh4 e5 6. c4 d4 7. exd4 Qxd4 8. Qxd4 Nxd4 9. Bd3 Bf5 10. Bxf5 Nxf5 11. Bg3 a5 12. f3 Bxc5 13. Bf2 Nd4 14. Bxd4 Bxd4 15. Nd2 Bxb2 16. Rb1 Bc3 17. Ne2 Bxd2+ 18. Kxd2 Ne7 19. Rhd1 0-0-0+ 20. Kc3 Nf5 21. g3 Kc7 22. a3 Kc6 23. Rbc1 Rhe8 24. Rb1 g5 25. h4 b6 26. Rbc1 Kc5 27. g4 Nxh4 1/2-1/2

[Event "Sao Paulo STD U2200 op 4th"]
[Site "Sao Paulo"]
[Date "2018.12.09"]
[Round "6"]
[White "Hopka, Matheus Marchesi"]
[Black "Silva, Kaua Marques"]
[Result "1-0"]
[WhiteElo "1913"]
[BlackElo "1848"]
[PlyCount "77"]
[EventDate "2018.12.07"]
[EventType "swiss"]
[EventRounds "6"]
[EventCountry "BRA"]
[SourceTitle "EXT 2021"]
[Source "ChessBase"]
[SourceDate "2020.10.23"]
[SourceVersion "1"]
[SourceVersionDate "2020.10.23"]
[SourceQuality "1"]

1. b3 d5 2. Bb2 Nf6 3. e3 g6 4. Nf3 Bg7 5. Be2 c5 6. 0-0 Nc6 7. d3 0-0 8. Nbd2 Qc7 9. Re1 Rd8 10. Bf1 e5 11. e4 dxe4 12. dxe4 Bg4 13. Qb1 Nh5 14. h3 Be6 15. Nc4 h6 16. c3 Rab8 17. Qc2 Ne7 18. Rad1 b5 19. Ne3 c4 20. b4 Qc6 21. Ng4 Qc7 22. Bc1 Nf4 23. g3 h5 24. Ngxe5 Nxh3+ 25. Bxh3 Bxh3 26. Bf4 Qb6 27. Nxf7 Rxd1 28. Rxd1 Rf8 29. N7g5 Bg4 30. Rd6 Qb7 31. Ne5 Rf6 32. Rd8+ Rf8 33. Qd2 Qb6 34. Rd6 Qb7 35. Nxg4 hxg4 36. Rd7 Qc6 37. Rxe7 Bf6 38. Rc7 Qa8 39. Qd7 1-0

[Event "Sao Paulo STD U2200 op 4th"]
[Site "Sao Paulo"]
[Date "2018.12.08"]
[Round "3"]
[White "Maraz, Ricardo"]
[Black "Hopka, Matheus Marchesi"]
[Result "0-1"]
[WhiteElo "1624"]
[BlackElo "1913"]
[PlyCount "110"]
[EventDate "2018.12.07"]
[EventType "swiss"]
[EventRounds "6"]
[EventCountry "BRA"]
[SourceTitle "EXT 2021"]
[Source "ChessBase"]
[SourceDate "2020.10.23"]
[SourceVersion "1"]
[SourceVersionDate "2020.10.23"]
[SourceQuality "1"]

1. e4 b6 2. d4 Bb7 3. Nc3 e6 4. Nf3 Bb4 5. Bd3 Nf6 6. Bg5 h6 7. Bxf6 Bxc3+ 8. bxc3 Qxf6 9. 0-0 d6 10. Re1 0-0 11. a4 Nc6 12. Qb1 e5 13. d5 Ne7 14. a5 Ng6 15. a6 Bc8 16. Kh1 Bg4 17. Re3 Nf4 18. Qf1 Qd8 19. h3 Bc8 20. Bb5 f5 21. Bc6 Rb8 22. Nh2 g6 23. Bb5 Nh5 24. Be2 f4 25. Rf3 Nf6 26. Bd3 g5 27. g3 Kh8 28. gxf4 gxf4 29. Qe2 Qe8 30. Rg1 Qh5 31. Qf1 Nh7 32. Be2 Qh4 33. Qg2 Ng5 34. Bf1 Bd7 35. Rd3 Rg8 36. Ng4 Rg6 37. f3 Rbg8 38. Qf2 Qh5 39. Qh2 Bb5 40. c4 Bxc4 41. Rc3 Bxf1 42. Rxf1 R8g7 43. Rg1 Qh4 44. Nf2 Nxf3 45. Rxf3 Rxg1+ 46. Qxg1 Rxg1+ 47. Kxg1 Qg5+ 48. Kf1 Kg7 49. Rc3 Qe7 50. Ke2 Qd7 51. Kf3 Qc8 52. Kg2 Qxa6 53. Rxc7+ Kg6 54. c4 Qa3 55. Kf1 f3 0-1

[Event "Homs Xeque Mate op"]
[Site "Sao Paulo"]
[Date "2018.10.27"]
[Round "2"]
[White "Hopka, Matheus Marchesi"]
[Black "Da Rosa, Henrique Jaze Simoe"]
[Result "1-0"]
[WhiteElo "1807"]
[BlackElo "1459"]
[PlyCount "43"]
[EventDate "2018.10.27"]
[EventType "swiss"]
[EventRounds "5"]
[EventCountry "BRA"]
[SourceTitle "CBM 187 Extra"]
[Source "ChessBase"]
[SourceDate "2018.11.04"]
[SourceVersion "1"]
[SourceVersionDate "2018.11.04"]
[SourceQuality "1"]

1. e4 e5 2. f4 d5 3. exd5 exf4 4. Nf3 Qxd5 5. Nc3 Qe6+ 6. Be2 Bd6 7. 0-0 Ne7 8. Bb5+ c6 9. Re1 Qd7 10. Bc4 0-0 11. d4 h6 12. Ne4 Ng6 13. Qd3 b5 14. Nf6+ gxf6 15. Qxg6+ Kh8 16. Qxh6+ Kg8 17. Qg6+ Kh8 18. Qxf6+ Kg8 19. Qg6+ Kh8 20. Qh6+ Kg8 21. Ng5 Qf5 22. Bd3 1-0

[Event "Sao Paulo U16 3rd"]
[Site "Sao Paulo"]
[Date "2018.06.09"]
[Round "3.1"]
[White "Barberi, Catarina"]
[Black "Hopka, Matheus Marchesi"]
[Result "0-1"]
[WhiteElo "1187"]
[BlackElo "1759"]
[PlyCount "100"]
[EventDate "2018.06.09"]
[EventType "swiss"]
[EventRounds "5"]
[EventCountry "BRA"]
[SourceTitle "EXT 2022"]
[Source "ChessBase"]
[SourceDate "2021.10.06"]
[SourceVersion "1"]
[SourceVersionDate "2021.10.06"]
[SourceQuality "1"]

1. d4 Nf6 2. c4 e6 3. Nf3 Bb4+ 4. Bd2 Be7 5. Nc3 d5 6. e3 0-0 7. Be2 Nbd7 8. 0-0 b6 9. Qc2 Bb7 10. Bd3 c5 11. e4 dxc4 12. Bxc4 cxd4 13. Nxd4 Ne5 14. Nce2 Bxe4 15. Qc3 Rc8 16. b3 Nxc4 17. bxc4 Bd5 18. Rfc1 Bxc4 19. a4 Ne4 20. Qc2 Nxd2 21. Qxd2 e5 22. Nf3 Qxd2 23. Nxd2 Bxe2 24. Rxc8 Rxc8 25. Re1 Bb4 26. Rxe2 Bxd2 27. g3 Rc1+ 28. Kg2 Bc3 29. f4 f6 30. fxe5 Bxe5 31. Rd2 a5 32. Rd8+ Kf7 33. Rd7+ Kg6 34. Rb7 Bd4 35. Rd7 Bc5 36. Rd5 Rc4 37. h4 h5 38. Rd2 Rxa4 39. Rb2 Ra1 40. Kh3 a4 41. Rg2 Rh1+ 42. Rh2 Rxh2+ 43. Kxh2 a3 44. Kg2 a2 45. Kf3 a1Q 46. Ke2 Qd4 47. Kf3 Qe3+ 48. Kg2 Qf2+ 49. Kh3 Kf5 50. g4+ hxg4# 0-1

[Event "BRA-ch Amateur U1800"]
[Site "Sao Paulo"]
[Date "2018.06.02"]
[Round "5"]
[White "Borges, Lucas Silvestre"]
[Black "Hopka, Matheus Marchesi"]
[Result "1-0"]
[WhiteElo "1789"]
[BlackElo "1759"]
[PlyCount "106"]
[EventDate "2018.05.31"]
[EventType "swiss"]
[EventRounds "7"]
[EventCountry "BRA"]
[SourceTitle "EXT 2021"]
[Source "ChessBase"]
[SourceDate "2020.10.23"]
[SourceVersion "1"]
[SourceVersionDate "2020.10.23"]
[SourceQuality "1"]

1. d4 Nf6 2. Bg5 e6 3. Nd2 h6 4. Bh4 c5 5. e3 Nc6 6. c3 cxd4 7. exd4 Be7 8. Ngf3 d6 9. Bc4 Bd7 10. 0-0 0-0 11. Qe2 Rc8 12. Bb3 Re8 13. Bxf6 Bxf6 14. Ne4 Be7 15. d5 Na5 16. dxe6 Bxe6 17. Bxe6 fxe6 18. Nd4 d5 19. Qg4 Qd7 20. Nd2 Bf6 21. Rfe1 Nc4 22. Nxc4 Rxc4 23. Rad1 Qf7 24. Rxe6 Rf8 25. Re2 h5 26. Qe6 Bxd4 27. Qxf7+ Kxf7 28. Rxd4 Rxd4 29. cxd4 Rc8 30. f3 Rc4 31. Rd2 g6 32. Kf2 Kf6 33. Ke3 Kf7 34. h4 Kg7 35. Kf4 Kf6 36. g4 hxg4 37. fxg4 Rc7 38. Re2 Rc8 39. g5+ Kf7 40. Kg4 Rc4 41. Rd2 Kg7 42. h5 gxh5+ 43. Kxh5 Rc1 44. Re2 Rh1+ 45. Kg4 Rg1+ 46. Kf5 Rf1+ 47. Ke5 Rf8 48. Kxd5 Rd8+ 49. Kc4 Rd7 50. d5 Rc7+ 51. Kd4 Rd7 52. Re6 Kf7 53. g6+ Kg7 1-0

[Event "BRA-ch U16"]
[Site "Sao Paulo"]
[Date "2018.03.30"]
[Round "3"]
[White "Smith, Victor Gabriel Rang"]
[Black "Hopka, Matheus Marchesi"]
[Result "1-0"]
[WhiteElo "1752"]
[BlackElo "1739"]
[PlyCount "155"]
[EventDate "2018.03.29"]
[EventType "swiss"]
[EventRounds "6"]
[EventCountry "BRA"]
[SourceTitle "EXT 2019"]
[Source "ChessBase"]
[SourceDate "2018.10.10"]
[SourceVersion "1"]
[SourceVersionDate "2018.10.10"]
[SourceQuality "1"]

1. d4 Nf6 2. Bf4 g6 3. Nf3 Bg7 4. e3 0-0 5. Be2 d6 6. 0-0 Nbd7 7. c4 Re8 8. Nc3 Nh5 9. Bg3 Nxg3 10. hxg3 e5 11. dxe5 Nxe5 12. Nxe5 Bxe5 13. Qc2 c6 14. Rad1 Qc7 15. Bf3 Be6 16. Ne2 Bf5 17. Qc1 a5 18. Nd4 Bd7 19. b3 Rad8 20. Rfe1 Bc8 21. Qc2 Qb6 22. Ne2 Bf5 23. Qd2 Re7 24. Nd4 Bc8 25. Be2 Rde8 26. Nf3 Rd8 27. Nxe5 Rxe5 28. Qd4 Qxd4 29. Rxd4 Kf8 30. Red1 Ke7 31. Bf3 h5 32. Kf1 c5 33. Rd5 Rxd5 34. Bxd5 Rd7 35. f4 Rc7 36. Kf2 Bd7 37. e4 Be6 38. Bxe6 Kxe6 39. Kf3 Rc6 40. Rd5 a4 41. Rd3 axb3 42. axb3 Ra6 43. g4 hxg4+ 44. Kxg4 Ra2 45. f5+ gxf5+ 46. exf5+ Kd7 47. g3 Re2 48. Kg5 Ke7 49. g4 Re4 50. Rg3 Re1 51. Kh6 Rh1+ 52. Kg7 Re1 53. g5 Re5 54. Rf3 Re1 55. f6+ Ke6 56. g6 Re2 57. Rg3 fxg6 58. f7 Rf2 59. Re3+ Kd7 60. f8Q Rxf8 61. Kxf8 Kc6 62. Re6 b5 63. cxb5+ Kxb5 64. Rxd6 c4 65. bxc4+ Kxc4 66. Rxg6 Kd5 67. Rg4 Ke5 68. Kf7 Kf5 69. Ra4 Ke5 70. Kg6 Kd5 71. Kf5 Kc5 72. Ke5 Kb5 73. Rd4 Kc5 74. Rg4 Kb5 75. Kd5 Kb6 76. Rg7 Ka6 77. Kc5 Ka5 78. Ra7# 1-0

[Event "Brasilia Terraviva op"]
[Site "Brasilia"]
[Date "2018.01.13"]
[Round "4"]
[White "Japiassu, Ricardo de Villa No"]
[Black "Hopka, Matheus Marchesi"]
[Result "1-0"]
[WhiteElo "1981"]
[BlackElo "1677"]
[PlyCount "67"]
[EventDate "2018.01.11"]
[EventType "swiss"]
[EventRounds "7"]
[EventCountry "BRA"]
[SourceTitle "CBM 182 Extra"]
[Source "ChessBase"]
[SourceDate "2018.02.23"]
[SourceVersion "1"]
[SourceVersionDate "2018.02.23"]
[SourceQuality "1"]

1. c4 g6 2. g3 Bg7 3. Bg2 Nf6 4. Nf3 0-0 5. 0-0 d6 6. Nc3 Nc6 7. d3 e5 8. Bg5 h6 9. Bxf6 Bxf6 10. Rb1 a5 11. a3 Bg7 12. b4 axb4 13. axb4 Nd4 14. Nxd4 exd4 15. Ne4 f5 16. Nd2 c6 17. Qb3 Re8 18. Bf3 Qg5 19. Qb2 Be5 20. Ra1 Bd7 21. Rxa8 Rxa8 22. Ra1 Rxa1+ 23. Qxa1 Qxd2 24. Qa8+ Kf7 25. Qxb7 Ke6 26. b5 cxb5 27. Bd5+ Ke7 28. Bc6 bxc4 29. Qxd7+ Kf6 30. Qd8+ Kg7 31. Qe7+ Kh8 32. Bd5 Qd1+ 33. Kg2 h5 34. Qf7 1-0

[Event "Brasilia Terraviva op"]
[Site "Brasilia"]
[Date "2018.01.11"]
[Round "1"]
[White "Hopka, Matheus Marchesi"]
[Black "Garcia, Gabriel Gonzaga"]
[Result "0-1"]
[WhiteElo "1677"]
[BlackElo "2199"]
[PlyCount "52"]
[EventDate "2018.01.11"]
[EventType "swiss"]
[EventRounds "7"]
[EventCountry "BRA"]
[SourceTitle "CBM 182 Extra"]
[Source "ChessBase"]
[SourceDate "2018.02.23"]
[SourceVersion "1"]
[SourceVersionDate "2018.02.23"]
[SourceQuality "1"]

1. e4 c6 2. d4 d5 3. e5 Bf5 4. Nc3 e6 5. g4 Bg6 6. Nge2 c5 7. Be3 Nc6 8. dxc5 Nxe5 9. Nd4 Nf6 10. Bb5+ Ned7 11. c6 bxc6 12. Nxc6 Qc7 13. Qd4 Bc5 14. Qxc5 Nxc5 15. Bxc5 Nd7 16. Bb4 f6 17. Rd1 Kf7 18. 0-0 Ne5 19. Nxe5+ Qxe5 20. Rfe1 Qf4 21. Nxd5 Qxg4+ 22. Kf1 Be4 23. Ne3 Qh3+ 24. Kg1 Rhd8 25. Ba5 Qf3 26. Kf1 Qh1+ 0-1

[Event "Sao Paulo IRT 2nd"]
[Site "Sao Paulo"]
[Date "2017.12.10"]
[Round "4.1"]
[White "Hopka, Matheus Marchesi"]
[Black "Cavalcante, Luiz Henrique Tausz"]
[Result "1-0"]
[WhiteElo "1652"]
[BlackElo "1809"]
[PlyCount "85"]
[EventDate "2017.12.09"]
[EventType "swiss"]
[EventRounds "5"]
[EventCountry "BRA"]
[SourceTitle "EXT 2022"]
[Source "ChessBase"]
[SourceDate "2021.10.06"]
[SourceVersion "1"]
[SourceVersionDate "2021.10.06"]
[SourceQuality "1"]

1. e4 c5 2. Nf3 g6 3. d4 cxd4 4. Nxd4 Bg7 5. Nc3 Nc6 6. Be3 Nf6 7. Bc4 0-0 8. Bb3 b6 9. f3 Bb7 10. Qd2 e5 11. Ndb5 Na5 12. 0-0-0 Nxb3+ 13. axb3 a6 14. Nd6 Bc6 15. g4 Ne8 16. Nxe8 Qxe8 17. Bxb6 Rb8 18. Bc5 d6 19. Bxd6 Rd8 20. Qe2 Qe6 21. Bxf8 Rxd1+ 22. Rxd1 Bxf8 23. Qd3 a5 24. Kb1 Qf6 25. Nd5 Bxd5 26. exd5 e4 27. Qxe4 Bg7 28. c3 Qe5 29. Qxe5 Bxe5 30. d6 Bxd6 31. Rxd6 Kf8 32. c4 Ke7 33. c5 f6 34. Rd2 Ke6 35. c6 Ke5 36. c7 Kf4 37. c8Q Kxf3 38. Qc6+ Kxg4 39. Rd4+ Kg5 40. Qf3 Kh6 41. Rd7 g5 42. Qh3+ Kg6 43. Qxh7# 1-0

[Event "BRA-ch Amateur U1800"]
[Site "Sao Paulo"]
[Date "2017.10.14"]
[Round "6"]
[White "Lacerda, Vinicius"]
[Black "Hopka, Matheus Marchesi"]
[Result "1/2-1/2"]
[WhiteElo "1783"]
[BlackElo "1610"]
[PlyCount "90"]
[EventDate "2017.10.12"]
[EventType "swiss"]
[EventRounds "7"]
[EventCountry "BRA"]
[SourceTitle "EXT 2019"]
[Source "ChessBase"]
[SourceDate "2018.10.10"]
[SourceVersion "1"]
[SourceVersionDate "2018.10.10"]
[SourceQuality "1"]

1. d4 Nf6 2. Bg5 g6 3. Nf3 Bg7 4. Nbd2 0-0 5. e3 d6 6. Bd3 h6 7. Bh4 Nbd7 8. 0-0 c6 9. c4 e5 10. Ne4 g5 11. Bg3 Nxe4 12. Bxe4 f5 13. Bc2 f4 14. Qd3 Rf6 15. dxe5 Nxe5 16. Nxe5 Bf5 17. e4 dxe5 18. exf5 Qxd3 19. Bxd3 Rd8 20. Rfd1 fxg3 21. hxg3 Rfd6 22. Be2 Rxd1+ 23. Rxd1 Rxd1+ 24. Bxd1 c5 25. Kf1 Kf7 26. Ke2 Kf6 27. g4 Ke7 28. Ke3 Bf6 29. a3 Kd6 30. Bf3 b6 31. b3 a5 32. Bd5 Kc7 33. Ke4 Kd6 34. g3 Kc7 35. f4 exf4 36. gxf4 gxf4 37. Kxf4 Kd6 38. Be6 Be5+ 39. Ke4 Bf6 40. a4 Bg5 41. Bd5 Bf6 42. Bg8 Bg5 43. f6 Bxf6 44. Kf5 Bg5 45. Bd5 Kc7 1/2-1/2